Records de l'Équipe du Brésil de football - Statistiques

Statistiques générales
  • Ce quiz a été pris 219 fois
  • Le résultat moyen est 9 sur 18
Statistiques - réponses
Joueur % Correct
Neymar
99%
Pelé
96%
Ronaldo
95%
Ronaldinho
93%
Rivaldo
73%
Roberto Carlos
73%
Cafu
65%
Romario
52%
Zico
47%
Thiago Silva
44%
Dani alves
33%
Jairzinho
32%
Robinho
28%
Bebeto
24%
Lucio
22%
Ademir
3%
Djalma Santos
1%
Cláudio Taffarel
0%
Aucun quiz correspondant
Distribution des résultats
% des personnes avec chaque résultat
Percentile par nombre de réponses
Votre historique - résultats
Vous n’avez pas pris ce quiz